Statistics for Countries of the Unknown River #1

Click here to take the quiz!

General Stats

  • This quiz has been taken 78 times
  • The average score is 6 of 6

Answer Stats

Answer% Correct
NNiger
100%
Niger
100%
MMali
99%
NNigeria
99%
BBenin
96%
GGuinea
93%

Score Distribution

Percentile by Number Answered

Percent of People with Each Score

Your Score History

You have not taken this quiz